00454nam a2200133Ia 4500020001900000082002200019245011600041260004300157300001000200526003700210650003600247650000800283700002900291 a0195778510(hb) a923.15491bJINcD aJinnah: the founder of Pakistan in the eyes of his contemporaries and his documentary records at Lincoln's Inn. aKarachi: Oxford University Press,1998. a176p. a0b0c0d923_154910000000000_JIN aJinnah, Muhammad Ali,1876-1948. aMCE aSaleem Qureshi. (comp.).